ARRUPE JESUIT UNIVERSITY

CORONAVIRUS -STOP THE SPREAD - CLEAN,DISINFECT,COVER

Survey of African marriage and family life. (Record no. 125374)

MARC details
000 -LEADER
fixed length control field 00854cam a22002771 4500
001 - CONTROL NUMBER
control field 6981656
003 - CONTROL NUMBER IDENTIFIER
control field ARRUPE
005 - DATE AND TIME OF LATEST TRANSACTION
control field 20160927114316.0
008 - FIXED-LENGTH DATA ELEMENTS--GENERAL INFORMATION
fixed length control field 740131s1953 nyub b 000 0 eng
010 ## - LIBRARY OF CONGRESS CONTROL NUMBER
LC control number 54004454
015 ## - NATIONAL BIBLIOGRAPHY NUMBER
National bibliography number GB53-4641
035 ## - SYSTEM CONTROL NUMBER
System control number (OCoLC)786514
040 ## - CATALOGING SOURCE
Original cataloging agency DLC
Transcribing agency OClU
Modifying agency OCoLC
-- Uk
-- DLC
042 ## - AUTHENTICATION CODE
Authentication code premarc
050 00 - LIBRARY OF CONGRESS CALL NUMBER
Classification number HQ691
Item number .P45
082 ## - DEWEY DECIMAL CLASSIFICATION NUMBER
Classification number 392
-- 301.42*
300 ## - PHYSICAL DESCRIPTION
Other physical details fold. map.
Dimensions 26 cm.
100 1# - MAIN ENTRY--PERSONAL NAME
Personal name Phillips, Arthur,
Dates associated with a name 1907-
Relator term ed.
9 (RLIN) 26268
245 10 - TITLE STATEMENT
Title Survey of African marriage and family life.
Statement of responsibility, etc /edited by Aurthur Phillips
260 ## - PUBLICATION, DISTRIBUTION, ETC. (IMPRINT)
Place of publication, distribution, etc London,
Name of publisher, distributor, etc Oxford University Press,
Date of publication, distribution, etc 1953.
300 ## - PHYSICAL DESCRIPTION
Extent xli, 462 p.
504 ## - BIBLIOGRAPHY, ETC. NOTE
Bibliography, etc Includes bibliographies.
650 #0 - SUBJECT ADDED ENTRY--TOPICAL TERM
Topical term or geographic name as entry element Marriage
Geographic subdivision Africa.
9 (RLIN) 14432
651 #0 - SUBJECT ADDED ENTRY--GEOGRAPHIC NAME
Geographic name Africa
General subdivision Social conditions.
9 (RLIN) 26269
906 ## - LOCAL DATA ELEMENT F, LDF (RLIN)
a 7
b cbc
c oclcrpl
d u
e ncip
f 19
g y-gencatlg
942 ## - ADDED ENTRY ELEMENTS (KOHA)
Source of classification or shelving scheme Library of Congress Classification
Koha item type Monograph ( Printed materials)
Holdings
Withdrawn status Lost status Source of classification or shelving scheme Damaged status Not for loan Collection code Home library Current library Shelving location Date acquired Total Checkouts Full call number Barcode Date last seen Price effective from Koha item type
    Library of Congress Classification     Main Collection ARRUPE LIBRARY ARRUPE LIBRARY Main Collection 27/09/2016   HQ691 .P45 46500010726 09/05/2018 27/09/2016 Monograph ( Printed materials)

 

Arrupe Library. PO Box MP320 Mt Pleasant, Harare, Zimbabwe
263 242 745411|librarian@aju.ac.zw